000 01691nam a22003017a 4500
003 DO-SdBNP
005 20240322203027.0
007 ta
008 210621b 2021 dr 00| 0 eng d
040 _aDO-SdBNP
_bspa
_cBNPHU
082 4 _a630.97293
_bS211n
_222
100 1 _aSánchez Roa, Adriano,
_d1956-
_978919
245 1 0 _aLa nueva agricultura /
_cAdriano Sánchez Roa ; prólogo Hipólito Mejía Domínguez.
260 _aSanto Domingo :
_bCorripio,
_c2021.
300 _a375 p. :
_bil.,gráfcs., mapas, retrs. ;
_c23 cm.
500 _aIncluye datos biográficos del autor en las solapas
500 _aIncluye índice
500 _aIncluye referencias bibliográficas y notas al pie de las páginas
504 _aBibliografía : p. 370-375
505 0 _aPlan producción agroalimentaria para reducir la pobreza ( PAREP)--
_tMetas concretas --
_tSustentados en los avances, recuperar el éxito del pasado --
_tEl despojo, la concentración de la tierra y la base para reforma agraria --
_tSurgimiento de la reforma agraria --
_tLa legislación agraria “72 ”, --
_tEl abandono del programa agrario y la consentración de la tierra --
_tBalance: 58 años de reforma agraria --
_t¿Qué hacer ahora en la reforma agraria? --
_tPropuesta de ley general del sector agropecuario y el desarrollo rural .
590 _aInventariado, 2021 /LP
590 _aLa biblioteca posee 1 ejemplar autografiado por el autor.
650 4 _aAgricultura
_zRepública Dominicana
_91568
650 4 _aAgricultura
_xInnovaciones tecnológicas
_zRepública Dominicana
_982534
700 1 _aMejía, Hipólito,
_d1941-
_epról.
_978920
910 _aLopérez/Validado. Control de calidad MFF
942 _2ddc
_cLBS1
999 _c49961
_d49961